00314nam a2200121Ia 4500008004100000020001200041040001600053041001200069082001900081100001800100245006500118260000900183230917s9999||||xx |||||||||||||| ||und|| cPOU11.5 e15491aMAIN aEnglish a301.4315 K658D aKitwood, Torn 0aDisclosures to stranger: Adolescent values in an advance ind c1980